000 00493nam a2200181Ia 4500
999 _c10416
_d10416
003 OSt
005 20191218121509.0
008 190216s9999||||xx |||||||||||||| ||und||
020 _a8171882781
040 _coclc
082 _a338.954
_bKAP/I
100 _aKapila, Uma
_9489
245 0 _aIndian Economy /
_cUma Kapila
260 _bAcademic Foundation,
_c2000.
_aDelhi:
300 _a365p
650 _aEconomics
942 _cBK
_2ddc
_h338.954
_iKAP/I
_k338.954
_mKAP/I